00608nam a22001577a 450000500170000000800410001702000150005805000240007310000240009724501490012125000110027026000360028130000210031750400370033865000750037520160108083558.0160108b mx ||||| |||| 00| 0 spa d a968429302x04aP96 .E25 bP67 19811 aPortales C., Diego,10aPoder económico y libertad de expresión :b La industria de la comunicacion chilena en la democracia y el autoritarismo /cDiego portales c. a1a ed. aMéxico :bNueva imagen,c1981 a222 p. ;c20 cm. aIncluye bibliografias e índice 72LEMBaLibertad de expresiónxMedios de comunicación masiva zChile